000 00521nam a22002057a 4500
003 UA-OsUOA
001 49332
007 ta
008 20131218b un ||||| |||| 00| 0 ukr d
100 _aПідгірянка М.
090 _a82-1
_bП36
942 _cBR
040 _aUA-OsUOA
_bukr
_cUA-OsUOA
_dUA-OsUOA
245 _aБрисько, гуска і лисичка
955 _a3
041 _aukr
080 _a82-1
650 7 _a82 Література. Літературознавство
_2UDC
999 _c429462
_d429462